00000000nam##2200000za#4500
0019.682830
003CaOODSP
00520210615133157
007ta
008150407|2005||||xxc|||||     f|0| 0 fre|d
020 |a0-662-79642-X
040 |aCaOODSP|bfre
043 |an-cn---
0861 |aFo1-6/2005F
1101 |aCanada.|bRessources naturelles Canada. |bService canadien des forêts.
24510|aL'état des forêts au Canada, 2004-2005
2463 |aLa forêt boréale
260 |aOttawa - Ontario : |bRessources naturelles Canada. |c2005.
5203 |aCe rapport annuel présente des statistiques sur les forêts et l’industrie forestière canadiennes, y compris les possibilités annuelles de coupe, les exportations de produits forestiers, les fusions et acquisitions d’entreprises, les terres forestières certifiées et la certification de l’aménagement forestier au Canada, et l’emploi direct dans le secteur forestier. La section « Survol de l’année » se penche sur les faits nouveaux survenus dans tout le pays au cours de l’année, et des articles de fond et des articles spéciaux examinent en détail une variété de sujets liés aux forêts.
563 |aCouverture souple
590 |a05-36|b2005-09-09
69107|aForêt|2gcpds
69107|aPolitique forestière|2gcpds
77508|tThe state of Canada's forests, 2004-2005 |w(CaOODSP)9.649658